Evaluating the Effectiveness of Employment Assistance Measures: Case of Russian State Employment Centers

Otázky dopytu obyvateľstva po službách úradov práce, ktoré zahŕňajú nielen evidenciu nezamestnaných, ale aj poskytovanie verejných služieb na pomoc pri hľadaní vhodného zamestnania, odborného vzdelávania, psychologickej podpory atď. Štúdia vychádza z tzv. ruského prieskumu pracovnej sily a mikroúdaj...

Full description

Saved in:
Bibliographic Details
Main Author: Stuken, Tatiana
Other Authors: Korzhova, Olga
Format: Book Chapter
Language:English
Subjects:
Tags: Add Tag
No Tags, Be the first to tag this record!

MARC

LEADER 00000naa a2200000 4500
001 0280487
005 20211227102707.9
041 0 |a eng 
044 |a RS 
245 1 0 |a Evaluating the Effectiveness of Employment Assistance Measures: Case of Russian State Employment Centers  |c Tatiana Stuken, Olga Korzhova 
520 |a Otázky dopytu obyvateľstva po službách úradov práce, ktoré zahŕňajú nielen evidenciu nezamestnaných, ale aj poskytovanie verejných služieb na pomoc pri hľadaní vhodného zamestnania, odborného vzdelávania, psychologickej podpory atď. Štúdia vychádza z tzv. ruského prieskumu pracovnej sily a mikroúdajov úradov práce za rok 2019 (viac ako 24 000 pozorovaní). 
610 2 0 |a úrady práce 
610 2 0 |a obyvateľstvo 
610 2 0 |a Rusko 
610 2 0 |a trh práce 
610 2 0 |a zamestnanosť 
100 1 |a Stuken, Tatiana 
700 1 |a Korzhova, Olga